000 00457nam a2200205Ia 4500
005 20250425161113.0
008 250425s9999 xx 000 0 und d
041 _aspa
082 _a622
100 _aVIDAL, RICARDO MIGUEL
245 0 _aEXPLOTACION DE MINAS
250 _a1A ED.
260 _aBARCELONA
260 _aEspaƱa
_bOMEGA
_c1966
300 _a586
650 _aMINAS
650 _aMINAS-EXPLOTACION
942 _c01
010 _a12737
999 _c202484
_d202484